000 00532nam a2200193Ia 4500
005 20250508163340.0
008 008 250505s9999 xx 000 0 eng d
037 _aTextual
040 _aFEDL
_beng
_cFEDL
041 _aeng
_2eng
084 _a370.7, MUK
_qFEDL
100 _aMukerji S N Ed.
_9139415
245 0 _aEducation of teachers in India, V 2
260 _aDelhi, India
_bS. Chand and Co.
_c1968
300 _aviii,389p
650 _aEducation
942 _cTEXL
_h370.7, MUK
999 _c1382477
_d1382477